Az 1976. évi II. törvény által védett tárgyak köre
Elmentve itt :
| Szerző: | |
|---|---|
| További közreműködők: | |
| Dokumentumtípus: | Szakdolgozat |
| Megjelent: |
1994
|
| Tárgyszavak: | |
| Online Access: | http://diploma.bibl.u-szeged.hu/23198 |
| LEADER | 00554nta a2200157 i 4500 | ||
|---|---|---|---|
| 001 | dipl23198 | ||
| 005 | 20130314081855.0 | ||
| 008 | 110912s1994 hu om 0|| zxx d | ||
| 040 | |a SZTE Diploma Repozitórium |b hun | ||
| 041 | |a zxx | ||
| 100 | 1 | |a Koncz Réka | |
| 245 | 1 | 3 | |a Az 1976. évi II. törvény által védett tárgyak köre |h [elektronikus dokumentum] / |c Réka Koncz |
| 260 | |c 1994 | ||
| 650 | 4 | |a Jogi és igazgatási tanulmányok | |
| 700 | 1 | |a Bobvos Pál |e ths | |
| 856 | 4 | 0 | |u http://diploma.bibl.u-szeged.hu/id/eprint/23198/1/1994_koncz_reka.pdf |z Dokumentum-elérés |